Principles of Distrbuted Database Systems (Record no. 23803)

000 -LEADER
fixed length control field 00298nam a22000977a 4500
008 - FIXED-LENGTH DATA ELEMENTS--GENERAL INFORMATION
fixed length control field 140124b xxu||||| |||| 00| 0 eng d
020 ## - INTERNATIONAL STANDARD BOOK NUMBER
International Standard Book Number 8178083752
Terms of availability Available
082 ## - DEWEY DECIMAL CLASSIFICATION NUMBER
Classification number 005.758OZS
Author Mark 000212
245 ## - TITLE STATEMENT
Title Principles of Distrbuted Database Systems
Statement of responsibility, etc. Ozus Tamer M
260 ## - PUBLICATION, DISTRIBUTION, ETC.
Place of publication, distribution, etc. India
Name of publisher, distributor, etc. Pearson Education
Date of publication, distribution, etc. 1999
Holdings
Withdrawn status Lost status Source of classification or shelving scheme Damaged status Not for loan Permanent Location Current Location Shelving location Date acquired Full call number Barcode Date last seen Price effective from Koha item type
          NUST Baluchistan Campus (NBC) NUST Baluchistan Campus (NBC) General Stacks 01/24/2014 005.758OZS RCMS000212 01/24/2014 01/24/2014 Book
© 2023 Central Library, National University of Sciences and Technology. All Rights Reserved.